[Event "Titled Tuesday intern op 25th Mar Early"]
[Site "Chess.com INT"]
[Date "2025.03.25"]
[Round "7"]
[White "Dudley, Ian"]
[Black "Papidakis, Georgios"]
[Result "1-0"]
[WhiteElo "1898"]
[BlackElo "2106"]
[PlyCount "89"]
[EventDate "2025.03.25"]
[EventType "swiss (blitz)"]
[EventRounds "11"]
[EventCountry "USA"]
[SourceTitle "CB14_2025"]
[SourceDate "2024.11.01"]
[SourceVersion "1"]
[SourceVersionDate "2024.11.01"]
[SourceQuality "1"]

1. e4 c6 2. d4 d5 3. e5 Bf5 4. Nc3 e6 5. g4 Bg6 6. Nge2 h5 7. Nf4 Be4 8. f3 Qh4+ 9. Ke2 Bxf3+ 10. Kxf3 Qxg4+ 11. Ke3 Qxd1 12. Nxd1 Nh6 13. Bd3 c5 14. c3 Nc6 15. a3 Rc8 16. Nf2 cxd4+ 17. cxd4 Nxd4 18. Kxd4 Bc5+ 19. Kc3 Bxf2+ 20. Kb3 a6 21. Bd2 Ng4 22. Raf1 Bd4 23. Bb4 Nf2 24. Rxf2 Bxf2 25. Rf1 Bc5 26. Rc1 b6 27. Bxa6 Rc7 28. Bb5+ Ke7 29. Nd3 Rhc8 30. Nxc5 bxc5 31. Ba5 Rb7 32. a4 f6 33. exf6+ gxf6 34. Bd2 Kd6 35. Rf1 f5 36. Rg1 Ke5 37. Re1+ Kf6 38. h4 Rg7 39. Bg5+ Kf7 40. Bd7 Rb8+ 41. Ka2 Rg6 42. Bb5 Rb7 43. Rc1 c4 44. Re1 Kg7 45. Bf4 1-0

[Event "Titled Tuesday intern op 26th Nov Late"]
[Site "Chess.com INT"]
[Date "2024.11.26"]
[Round "5"]
[White "Montevilla Cahuasa, Jonathan Isaac"]
[Black "Papidakis, Georgios"]
[Result "1-0"]
[WhiteElo "2089"]
[BlackElo "2106"]
[PlyCount "69"]
[EventDate "2024.11.26"]
[EventType "swiss (blitz)"]
[EventRounds "11"]
[EventCountry "USA"]
[SourceTitle "CB49_2024"]
[SourceDate "2024.12.04"]
[SourceVersion "1"]
[SourceVersionDate "2024.12.04"]
[SourceQuality "1"]

1. e4 e6 2. d4 d5 3. Nc3 dxe4 4. Nxe4 Nf6 5. Nxf6+ Qxf6 6. Nf3 Qd8 7. Bd3 Be7 8. 0-0 b6 9. Qe2 Bb7 10. c3 Nd7 11. Ne5 Nxe5 12. dxe5 Qd5 13. f3 Bc5+ 14. Kh1 0-0-0 15. Be4 Qd7 16. Bxb7+ Kxb7 17. Bf4 Qc6 18. b4 Be7 19. Rfc1 Rd7 20. a4 Rhd8 21. a5 g5 22. Be3 b5 23. c4 Rd3 24. a6+ Kb8 25. cxb5 Qxb5 26. Qf2 Qxe5 27. Bxa7+ Ka8 28. Bc5 Bxc5 29. Qxc5 Qxc5 30. bxc5 Rd2 31. h3 Rb2 32. Rd1 Rdd2 33. Rxd2 Rxd2 34. Rb1 Rc2 35. Rb5 1-0

[Event "Titled Tuesday intern op 24th Sep Early"]
[Site "Chess.com INT"]
[Date "2024.09.24"]
[Round "3"]
[White "Hoang, Thi Bao Tram"]
[Black "Papidakis, Georgios"]
[Result "0-1"]
[WhiteElo "2193"]
[BlackElo "2106"]
[PlyCount "80"]
[EventDate "2024.09.24"]
[EventType "swiss (blitz)"]
[EventRounds "11"]
[EventCountry "USA"]
[SourceTitle "EXT 2025"]
[Source "ChessBase"]
[SourceDate "2024.10.14"]
[SourceVersion "1"]
[SourceVersionDate "2024.10.14"]
[SourceQuality "1"]

1. d4 f5 2. Nc3 Nf6 3. Bg5 b6 4. Qd3 e6 5. e4 h6 6. Bxf6 Qxf6 7. exf5 Bb4 8. fxe6 0-0 9. exd7 Qxf2+ 10. Kd1 Ba6 11. Qf3 Qxd4+ 12. Bd3 Rxf3 13. Nxf3 Qxd7 14. Ne5 Qd6 15. Re1 Nd7 16. Kc1 Bxc3 17. bxc3 Bxd3 18. Nxd3 Nc5 19. Kd2 Nxd3 20. cxd3 Rd8 21. Re3 Qxh2 22. Re2 Qf4+ 23. Kc2 Qf5 24. Rd1 Qd5 25. Kb2 a5 26. d4 a4 27. Rde1 Qc4 28. Re3 b5 29. Rg3 Rd7 30. Re8+ Kh7 31. Rb8 c5 32. d5 b4 33. Rb6 a3+ 34. Kb1 Rxd5 35. Rb7 Rd1+ 36. Kc2 b3+ 37. Kxd1 Qd5+ 38. Kc1 Qxb7 39. c4 bxa2 40. Rxa3 Qb1+ 0-1

[Event "Titled Tuesday intern op 24th Sep Early"]
[Site "Chess.com INT"]
[Date "2024.09.24"]
[Round "8"]
[White "Mompel Ferruz, Xavier"]
[Black "Papidakis, Georgios"]
[Result "1-0"]
[WhiteElo "2273"]
[BlackElo "2106"]
[PlyCount "127"]
[EventDate "2024.09.24"]
[EventType "swiss (blitz)"]
[EventRounds "11"]
[EventCountry "USA"]
[SourceTitle "EXT 2025"]
[Source "ChessBase"]
[SourceDate "2024.10.14"]
[SourceVersion "1"]
[SourceVersionDate "2024.10.14"]
[SourceQuality "1"]

1. e4 g6 2. d4 Bg7 3. Nc3 d6 4. Be3 a6 5. Be2 b5 6. Qd2 Bb7 7. f4 b4 8. Nd5 a5 9. Bf2 e6 10. Ne3 Bxe4 11. Nf3 Ne7 12. Ng5 Bb7 13. h4 Nbc6 14. c3 a4 15. Bg4 a3 16. Nc4 Ba6 17. b3 h6 18. Nf3 bxc3 19. Qxc3 Nd5 20. Qd2 Qf6 21. g3 0-0 22. 0-0 Nb6 23. Rac1 Nxc4 24. bxc4 Rab8 25. Qc3 e5 26. Qxa3 Bc8 27. Bxc8 Rbxc8 28. fxe5 dxe5 29. d5 Nd4 30. Nxd4 exd4 31. Qd3 Qd6 32. Kg2 Ra8 33. Bxd4 Rxa2+ 34. Rf2 Rxf2+ 35. Kxf2 Ra8 36. Bxg7 Kxg7 37. Qd4+ Kh7 38. Rc2 Re8 39. Re2 Rxe2+ 40. Kxe2 Qxg3 41. Qf6 Qg2+ 42. Kd3 Qg3+ 43. Kc2 Qg2+ 44. Kb3 Qh3+ 45. Kb4 Qd7 46. Qe5 h5 47. c5 Qg4+ 48. Kb5 Qxh4 49. Qxc7 Qe1 50. Qxf7+ Kh6 51. Qf4+ Kh7 52. Qf7+ Kh6 53. Kc6 h4 54. d6 Qh1+ 55. Kc7 h3 56. d7 Qh2+ 57. Kc8 Qg2 58. Qf8+ Kh5 59. d8Q Qa8+ 60. Kd7 Qd5+ 61. Ke8 Qe6+ 62. Qfe7 Qg8+ 63. Kd7 Qd5+ 64. Kc7 1-0

[Event "Titled Tuesday intern op 24th Sep Early"]
[Site "Chess.com INT"]
[Date "2024.09.24"]
[Round "9"]
[White "Papidakis, Georgios"]
[Black "Lama, Himal"]
[Result "0-1"]
[WhiteElo "2106"]
[BlackElo "2059"]
[PlyCount "90"]
[EventDate "2024.09.24"]
[EventType "swiss (blitz)"]
[EventRounds "11"]
[EventCountry "USA"]
[SourceTitle "EXT 2025"]
[Source "ChessBase"]
[SourceDate "2024.10.14"]
[SourceVersion "1"]
[SourceVersionDate "2024.10.14"]
[SourceQuality "1"]

1. g3 d5 2. Bg2 Nf6 3. Nf3 g6 4. b3 Bg7 5. Bb2 0-0 6. 0-0 c5 7. d3 Nc6 8. Nbd2 Re8 9. e4 d4 10. a4 e5 11. h3 h6 12. Nh2 Qc7 13. Nc4 Be6 14. Bc1 a6 15. f4 b5 16. Nxe5 Nxe5 17. fxe5 Nd7 18. Nf3 Kh7 19. Bd2 Nxe5 20. Nxe5 Bxe5 21. Bf4 Bxf4 22. gxf4 Rg8 23. axb5 axb5 24. Rxa8 Rxa8 25. f5 Bc8 26. fxg6+ fxg6 27. Qf3 Be6 28. Qf6 Re8 29. e5 Bf5 30. Rxf5 gxf5 31. Qxf5+ Kg7 32. Be4 Qxe5 33. Qg6+ Kf8 34. Qxh6+ Qg7+ 35. Qxg7+ Kxg7 36. Kg2 Kf6 37. Kg3 Ke5 38. Kg4 Rf8 39. h4 Rf2 40. h5 Rxc2 41. h6 Kf6 42. h7 Kg7 43. Kf5 Rc3 44. Ke5 Rxb3 45. Kd5 Rc3 0-1

[Event "Titled Tuesday intern op 24th Sep Early"]
[Site "Chess.com INT"]
[Date "2024.09.24"]
[Round "7"]
[White "Papidakis, Georgios"]
[Black "Parfenov, Viktor N"]
[Result "1-0"]
[WhiteElo "2106"]
[BlackElo "2193"]
[PlyCount "93"]
[EventDate "2024.09.24"]
[EventType "swiss (blitz)"]
[EventRounds "11"]
[EventCountry "USA"]
[SourceTitle "EXT 2025"]
[Source "ChessBase"]
[SourceDate "2024.10.14"]
[SourceVersion "1"]
[SourceVersionDate "2024.10.14"]
[SourceQuality "1"]

1. e4 e5 2. Nf3 Nc6 3. Bb5 a6 4. Ba4 Nf6 5. Bxc6 dxc6 6. d3 Bc5 7. h3 Qd6 8. Nbd2 Be6 9. Qe2 Nd7 10. Nb3 Bb6 11. Be3 f6 12. 0-0-0 0-0-0 13. d4 Bxb3 14. axb3 exd4 15. Nxd4 Qe5 16. Qg4 h5 17. Qf5 Rhe8 18. Rhe1 Bxd4 19. Bxd4 Qxf5 20. exf5 c5 21. Bc3 b6 22. Re6 Nf8 23. Rxe8 Rxe8 24. Rd3 Nd7 25. f4 Re4 26. Bd2 h4 27. Rf3 Kd8 28. Kd1 Ke8 29. Be1 Kf7 30. Bxh4 Nb8 31. Be1 Nc6 32. c3 a5 33. Bd2 a4 34. bxa4 Rxa4 35. Kc2 c4 36. g4 Ra1 37. g5 Rg1 38. g6+ Ke8 39. Re3+ Ne7 40. Re4 b5 41. b3 cxb3+ 42. Kxb3 Kd7 43. Rd4+ Kc6 44. Be3 Nxf5 45. Bxg1 Nxd4+ 46. Bxd4 Kd5 47. Bxf6 1-0

[Event "Titled Tuesday intern op 24th Sep Early"]
[Site "Chess.com INT"]
[Date "2024.09.24"]
[Round "1"]
[White "Papidakis, Georgios"]
[Black "Vaibhav, Jayant Raut"]
[Result "0-1"]
[WhiteElo "2106"]
[BlackElo "2220"]
[PlyCount "60"]
[EventDate "2024.09.24"]
[EventType "swiss (blitz)"]
[EventRounds "11"]
[EventCountry "USA"]
[SourceTitle "EXT 2025"]
[Source "ChessBase"]
[SourceDate "2024.10.14"]
[SourceVersion "1"]
[SourceVersionDate "2024.10.14"]
[SourceQuality "1"]

1. Nf3 Nf6 2. c4 e6 3. g3 b6 4. Bg2 Bb7 5. 0-0 Be7 6. Nc3 0-0 7. b3 d6 8. Bb2 Nbd7 9. Rc1 Re8 10. Re1 Bf8 11. e4 Nc5 12. Qc2 e5 13. d4 exd4 14. Nxd4 a5 15. Nd5 Nxd5 16. exd5 Qg5 17. a3 Qg6 18. Qc3 Nd3 19. Rxe8 Rxe8 20. Rd1 Nxb2 21. Qxb2 Be7 22. Nc6 Bf6 23. Qd2 h5 24. b4 axb4 25. axb4 h4 26. Re1 Ra8 27. Ne7+ Bxe7 28. Rxe7 Ra1+ 29. Re1 Rb1 30. Be4 Qxe4 0-1

[Event "Titled Tuesday intern op 17th Sep Late"]
[Site "Chess,com INT"]
[Date "2024.09.17"]
[Round "4"]
[White "Kiewra, Keaton F"]
[Black "Papidakis, Georgios"]
[Result "1-0"]
[WhiteElo "2293"]
[BlackElo "2106"]
[PlyCount "135"]
[EventDate "2024.09.17"]
[EventType "swiss (blitz)"]
[EventRounds "11"]
[EventCountry "USA"]
[SourceTitle "EXT 2025"]
[Source "ChessBase"]
[SourceDate "2024.10.14"]
[SourceVersion "1"]
[SourceVersionDate "2024.10.14"]
[SourceQuality "1"]

1. Nf3 b5 2. e4 Bb7 3. Bxb5 Bxe4 4. 0-0 Nf6 5. Re1 g6 6. d4 Bg7 7. Bf1 0-0 8. c4 c5 9. Nc3 Bxf3 10. Qxf3 Nc6 11. dxc5 Qa5 12. Be3 Ne5 13. Qf4 Qb4 14. Nd5 Nxd5 15. cxd5 Qxf4 16. Bxf4 d6 17. c6 Rfc8 18. Ba6 Rc7 19. b4 Rb8 20. b5 Nd3 21. Be3 Bxa1 22. Rxa1 Nb4 23. Bb7 Rbxb7 24. cxb7 Rxb7 25. a4 Nxd5 26. Bh6 f5 27. h4 Kf7 28. Kf1 e5 29. Ke2 Ke6 30. Kd3 Rc7 31. a5 Rb7 32. Rb1 Rb8 33. g3 Rb7 34. Bd2 f4 35. gxf4 Nxf4+ 36. Bxf4 exf4 37. Ke4 Rf7 38. b6 axb6 39. axb6 Rb7 40. Kxf4 Kd5 41. Kg5 Kc6 42. Kh6 d5 43. h5 gxh5 44. f4 h4 45. f5 Kd6 46. Re1 h3 47. f6 h2 48. Rh1 Rxb6 49. Kg7 Ke6 50. f7 Rb7 51. Re1+ Kd6 52. Kg8 Rb8+ 53. Kg7 Rb7 54. Kf6 Rxf7+ 55. Kxf7 Kc5 56. Ke6 d4 57. Rc1+ Kb4 58. Kd5 d3 59. Ke4 d2 60. Rh1 Kc3 61. Ke3 Kc2 62. Ke2 h5 63. Rd1 Kc3 64. Rh1 Kc2 65. Ra1 Kc3 66. Rf1 Kc2 67. Rh1 Kc3 68. Kd1 1-0

[Event "Titled Tuesday intern op 06th Aug Early"]
[Site "Chess.com INT"]
[Date "2024.08.06"]
[Round "2"]
[White "Vasquez Schroder, Rodrigo Rafael"]
[Black "Papidakis, Georgios"]
[Result "1-0"]
[WhiteElo "2457"]
[BlackElo "2106"]
[PlyCount "45"]
[EventDate "2024.08.06"]
[EventType "swiss (blitz)"]
[EventRounds "11"]
[EventCountry "USA"]
[SourceTitle "EXT 2025"]
[Source "ChessBase"]
[SourceDate "2024.10.14"]
[SourceVersion "1"]
[SourceVersionDate "2024.10.14"]
[SourceQuality "1"]

1. e4 e5 2. Nf3 Nc6 3. Bb5 a6 4. Ba4 Bc5 5. 0-0 Nge7 6. c3 b5 7. Bb3 Bb6 8. d4 exd4 9. cxd4 0-0 10. Nc3 d6 11. h3 Kh8 12. Ng5 Nxd4 13. Qh5 h6 14. Nxf7+ Rxf7 15. Bxf7 Qf8 16. Be3 b4 17. Nd5 Nxd5 18. Bxd5 Ra7 19. Rad1 c5 20. Bxd4 cxd4 21. Rd3 a5 22. Rf3 Qe7 23. Qg6 1-0

[Event "Titled Tuesday intern op 16th Jul Late"]
[Site "Chess.com INT"]
[Date "2024.07.16"]
[Round "4"]
[White "Fieberg, Samuel"]
[Black "Papidakis, Georgios"]
[Result "0-1"]
[WhiteElo "2186"]
[BlackElo "2106"]
[PlyCount "68"]
[EventDate "2024.07.16"]
[EventType "swiss (blitz)"]
[EventRounds "11"]
[EventCountry "USA"]
[SourceTitle "EXT 2025"]
[Source "ChessBase"]
[SourceDate "2024.10.14"]
[SourceVersion "1"]
[SourceVersionDate "2024.10.14"]
[SourceQuality "1"]

1. e4 c5 2. Ke2 Nc6 3. Ke1 Nf6 4. d3 d5 5. exd5 Nxd5 6. Nc3 Bf5 7. Nxd5 Qxd5 8. Qf3 Qd7 9. Be3 g6 10. h3 Bg7 11. Rb1 0-0 12. Ne2 Nd4 13. Bxd4 cxd4 14. Ng3 Be6 15. Qf4 Rac8 16. Qd2 Bxa2 17. Ra1 Bd5 18. Rxa7 Ra8 19. Rxa8 Rxa8 20. f3 Ra1+ 21. Kf2 Be5 22. f4 Bc7 23. Be2 Rxh1 24. Nxh1 Qf5 25. Ng3 Qf6 26. Kg1 Bxf4 27. Qe1 Qe5 28. Nf1 h5 29. Qf2 h4 30. Bf3 Be3 31. Nxe3 dxe3 32. Qe2 Bxf3 33. gxf3 Qg3+ 34. Qg2 e2 0-1

[Event "Titled Tuesday intern op 16th Jul Late"]
[Site "Chess.com INT"]
[Date "2024.07.16"]
[Round "8"]
[White "Hansen, Torbjorn Ringdal"]
[Black "Papidakis, Georgios"]
[Result "1-0"]
[WhiteElo "2433"]
[BlackElo "2106"]
[PlyCount "67"]
[EventDate "2024.07.16"]
[EventType "swiss (blitz)"]
[EventRounds "11"]
[EventCountry "USA"]
[SourceTitle "EXT 2025"]
[Source "ChessBase"]
[SourceDate "2024.10.14"]
[SourceVersion "1"]
[SourceVersionDate "2024.10.14"]
[SourceQuality "1"]

1. e4 c5 2. Nf3 e6 3. c3 d5 4. e5 d4 5. Bd3 Nc6 6. 0-0 Nge7 7. Na3 Ng6 8. Re1 Be7 9. g3 b6 10. h4 Bb7 11. h5 Nf8 12. Be4 a6 13. cxd4 cxd4 14. d3 Nd7 15. Bf4 Nc5 16. Rc1 Nxe4 17. Rxe4 Qd5 18. Nc4 Bc5 19. h6 gxh6 20. a3 b5 21. Nd6+ Bxd6 22. exd6 Kd7 23. Rxc6 Bxc6 24. Ne5+ Ke8 25. Qh5 Rf8 26. Bxh6 Qxd6 27. Bxf8 Qxf8 28. Nxc6 Rc8 29. Rxe6+ Kd7 30. Qd5+ Kc7 31. Re7+ Kb6 32. Qd6 Rxc6 33. Rb7+ Kxb7 34. Qxf8 1-0

[Event "Titled Tuesday intern op 16th Jul Late"]
[Site "Chess.com INT"]
[Date "2024.07.16"]
[Round "9"]
[White "Papidakis, Georgios"]
[Black "Estrada Nieto, Julian"]
[Result "1-0"]
[WhiteElo "2106"]
[BlackElo "2218"]
[PlyCount "119"]
[EventDate "2024.07.16"]
[EventType "swiss (blitz)"]
[EventRounds "11"]
[EventCountry "USA"]
[SourceTitle "EXT 2025"]
[Source "ChessBase"]
[SourceDate "2024.10.14"]
[SourceVersion "1"]
[SourceVersionDate "2024.10.14"]
[SourceQuality "1"]

1. d4 d5 2. c4 dxc4 3. Nc3 a6 4. a4 Nc6 5. Nf3 Nf6 6. h3 Bf5 7. Bg5 h6 8. Bxf6 exf6 9. e4 Bh7 10. Bxc4 Bb4 11. 0-0 0-0 12. Re1 Re8 13. Qb3 Qe7 14. Nd5 Qf8 15. Nxc7 Bxe1 16. Rxe1 Rxe4 17. Rxe4 Bxe4 18. Nxa8 Qxa8 19. Bxf7+ Kh8 20. d5 Bxf3 21. Qxf3 Ne5 22. Qh5 Qc8 23. Kh2 Qc4 24. Be6 Qf4+ 25. Kg1 Qc1+ 26. Kh2 Qf4+ 27. Kg1 g6 28. Qd1 Nc4 29. b3 Nd6 30. Qc2 Kg7 31. Qc7+ Kf8 32. g3 Qe5 33. Qd8+ Ne8 34. Bd7 Qe7 35. Qxe8+ Qxe8 36. Bxe8 Kxe8 37. Kg2 Ke7 38. Kf3 Kd6 39. Ke4 Kc5 40. b4+ Kd6 41. Kd4 f5 42. f4 g5 43. h4 g4 44. h5 b6 45. b5 a5 46. Kc4 Kd7 47. Kc3 Kd6 48. Kd4 Kd7 49. Ke5 Kc7 50. d6+ Kd7 51. Kd5 Kd8 52. Ke6 Ke8 53. Kxf5 Kd7 54. Ke5 Kd8 55. Ke6 Ke8 56. f5 Kd8 57. f6 Ke8 58. f7+ Kf8 59. d7 Kg7 60. d8Q 1-0

[Event "Titled Tuesday intern op 30th Apr Late"]
[Site "Chess.com INT"]
[Date "2024.04.30"]
[Round "10"]
[White "Cardozo Munar, Carlos Eduardo"]
[Black "Papidakis, Georgios"]
[Result "1-0"]
[WhiteElo "2043"]
[BlackElo "2106"]
[PlyCount "101"]
[EventDate "2024.04.30"]
[EventType "swiss (blitz)"]
[EventRounds "11"]
[EventCountry "USA"]
[SourceTitle "EXT 2025"]
[Source "ChessBase"]
[SourceDate "2024.10.14"]
[SourceVersion "1"]
[SourceVersionDate "2024.10.14"]
[SourceQuality "1"]

1. d4 Nf6 2. Bg5 g6 3. Bxf6 exf6 4. g3 d5 5. Bg2 Bd6 6. Nd2 c6 7. e3 0-0 8. Ne2 f5 9. 0-0 Nd7 10. b3 Nf6 11. c4 dxc4 12. bxc4 Kg7 13. a4 Re8 14. a5 Ne4 15. c5 Bc7 16. a6 bxa6 17. Nc4 a5 18. Qa4 Ba6 19. Rfc1 Bb5 20. Qa2 a4 21. Na3 a6 22. Nc3 Qe7 23. d5 Nxc3 24. Rxc3 Be5 25. d6 Qf6 26. Rcc1 Bxa1 27. Rxa1 Rec8 28. Rb1 Qc3 29. h4 Qxc5 30. d7 Rd8 31. Qb2+ Kg8 32. Rc1 Qd6 33. Nxb5 axb5 34. Bxc6 Rab8 35. Qc2 a3 36. Rd1 Qe7 37. Qb3 b4 38. Ba4 Rb7 39. Rd4 Qc5 40. Kg2 Qc3 41. Qd5 a2 42. Qxa2 b3 43. Qa3 Kg7 44. Qe7 b2 45. Qxd8 b1Q 46. Qe7 Qbc1 47. Qe5+ Kh6 48. Qf4+ Kg7 49. Qe5+ Kh6 50. d8Q Qc6+ 51. e4 1-0

[Event "Titled Tuesday intern op 30th Apr Late"]
[Site "Chess.com INT"]
[Date "2024.04.30"]
[Round "6"]
[White "Papidakis, Georgios"]
[Black "Esmeraldas Huachi, Anderson Yahir"]
[Result "1/2-1/2"]
[WhiteElo "2106"]
[BlackElo "2148"]
[PlyCount "112"]
[EventDate "2024.04.30"]
[EventType "swiss (blitz)"]
[EventRounds "11"]
[EventCountry "USA"]
[SourceTitle "EXT 2025"]
[Source "ChessBase"]
[SourceDate "2024.10.14"]
[SourceVersion "1"]
[SourceVersionDate "2024.10.14"]
[SourceQuality "1"]

1. b3 d5 2. Bb2 Bf5 3. f4 e6 4. Nf3 Nf6 5. e3 Be7 6. Be2 0-0 7. 0-0 c5 8. Ne5 Qc7 9. Qe1 Bxc2 10. d3 Bxb1 11. Rxb1 Nc6 12. g4 Nd7 13. Nxc6 Qxc6 14. g5 a5 15. Qg3 a4 16. h4 axb3 17. axb3 Ra2 18. h5 b5 19. Bf3 c4 20. bxc4 bxc4 21. dxc4 Qxc4 22. Bd4 Bc5 23. Rfc1 Rc2 24. Rxc2 Qxc2 25. Rb7 Ra8 26. Qg2 Qxg2+ 27. Kxg2 Bxd4 28. exd4 Nf8 29. f5 Ra4 30. g6 hxg6 31. hxg6 fxg6 32. fxe6 Nxe6 33. Bxd5 Rxd4 34. Bxe6+ Kh7 35. Rb3 g5 36. Bf5+ g6 37. Rb7+ Kh6 38. Rb6 Kh5 39. Rxg6 Rf4 40. Rf6 g4 41. Rf8 Kg5 42. Rg8+ Kxf5 43. Rf8+ Kg5 44. Rxf4 Kxf4 45. Kf2 Kf5 46. Kg2 Kg5 47. Kg3 Kh5 48. Kg2 Kh4 49. Kh2 g3+ 50. Kg2 Kg4 51. Kg1 Kf4 52. Kg2 Kg4 53. Kg1 Kh3 54. Kh1 Kh4 55. Kg1 Kg5 56. Kg2 Kg4 1/2-1/2

[Event "Titled Tuesday intern op 30th Apr Early"]
[Site "Chess.com INT"]
[Date "2024.04.30"]
[Round "2"]
[White "Papidakis, Georgios"]
[Black "Suich, Peter D"]
[Result "1-0"]
[WhiteElo "2106"]
[BlackElo "2081"]
[PlyCount "71"]
[EventDate "2024.04.30"]
[EventType "swiss (blitz)"]
[EventRounds "11"]
[EventCountry "USA"]
[SourceTitle "CBM 220 Extra"]
[Source "ChessBase"]
[SourceDate "2024.07.31"]
[SourceVersion "1"]
[SourceVersionDate "2024.07.31"]
[SourceQuality "1"]

1. Nf3 d5 2. g3 Nf6 3. Bg2 g6 4. 0-0 Bg7 5. d4 0-0 6. c4 Nc6 7. Nc3 dxc4 8. Bf4 Nd5 9. Bd2 Nb6 10. Bf4 Nxd4 11. a4 Nxf3+ 12. Bxf3 e5 13. Be3 c6 14. a5 Nd7 15. a6 Qc7 16. Qc2 f5 17. axb7 Bxb7 18. Na4 e4 19. Qxc4+ Kh8 20. Bg2 Nb6 21. Qc2 Nd5 22. Bc5 Rfe8 23. Nc3 a5 24. Rfd1 Rad8 25. e3 Ba6 26. Bf1 Bxf1 27. Kxf1 Nb4 28. Qb3 Nd3 29. Bb6 Rb8 30. Bxc7 Rxb3 31. Bxa5 Rxb2 32. Ne2 Ra8 33. Nf4 Rxf2+ 34. Kg1 Bxa1 35. Rxa1 Rxf4 36. Bc3+ 1-0

[Event "Titled Tuesday intern op 30th Apr Late"]
[Site "Chess.com INT"]
[Date "2024.04.30"]
[Round "1"]
[White "Papidakis, Georgios"]
[Black "Zhizmer, Yuri"]
[Result "0-1"]
[WhiteElo "2106"]
[BlackElo "2289"]
[PlyCount "78"]
[EventDate "2024.04.30"]
[EventType "swiss (blitz)"]
[EventRounds "11"]
[EventCountry "USA"]
[SourceTitle "EXT 2025"]
[Source "ChessBase"]
[SourceDate "2024.10.14"]
[SourceVersion "1"]
[SourceVersionDate "2024.10.14"]
[SourceQuality "1"]

1. d4 Nf6 2. c4 e6 3. Nf3 b6 4. Nc3 Bb4 5. Qc2 Bb7 6. Bd2 0-0 7. e3 c5 8. Bd3 d5 9. a3 dxc4 10. Bxc4 Bxc3 11. Bxc3 Be4 12. Qe2 Nc6 13. dxc5 bxc5 14. Rd1 Qe7 15. 0-0 Rfd8 16. Ne5 Nxe5 17. Bxe5 Nd7 18. Bc3 Nb6 19. Qg4 Bg6 20. Ba2 h5 21. Qf3 Rxd1 22. Rxd1 Rd8 23. h3 Rxd1+ 24. Qxd1 Qc7 25. Bb3 Kh7 26. Bc2 Bxc2 27. Qxc2+ f5 28. g4 Qf7 29. Be5 Nd7 30. Bg3 Qg6 31. gxf5 exf5 32. h4 Qe6 33. Qc3 c4 34. Qa5 a6 35. Qc3 Nf6 36. Qc2 Ne4 37. Bf4 Qg6+ 38. Kf1 Qg4 39. Qxc4 Nd2+ 0-1

[Event "Titled Tuesday intern op 30th Apr Late"]
[Site "Chess.com INT"]
[Date "2024.04.30"]
[Round "3"]
[White "Silva Lucena, Cristian"]
[Black "Papidakis, Georgios"]
[Result "0-1"]
[WhiteElo "2359"]
[BlackElo "2106"]
[PlyCount "126"]
[EventDate "2024.04.30"]
[EventType "swiss (blitz)"]
[EventRounds "11"]
[EventCountry "USA"]
[SourceTitle "EXT 2025"]
[Source "ChessBase"]
[SourceDate "2024.10.14"]
[SourceVersion "1"]
[SourceVersionDate "2024.10.14"]
[SourceQuality "1"]

1. d4 Nf6 2. c4 g6 3. Nc3 Bg7 4. e4 0-0 5. f3 c6 6. Be3 d5 7. e5 Nfd7 8. cxd5 cxd5 9. f4 Nc6 10. Nf3 Nb6 11. h4 Bg4 12. b3 Rc8 13. Rc1 f6 14. Be2 fxe5 15. fxe5 e6 16. Ng5 Bxe2 17. Nxe2 Qe7 18. Nf4 Bh6 19. Ngxe6 Bxf4 20. Nxf4 Nxe5 21. Rxc8 Rxc8 22. 0-0 Nc6 23. Qf3 Rf8 24. Qg3 Qd7 25. h5 Rf6 26. hxg6 hxg6 27. Nxg6 Rxf1+ 28. Kxf1 Qf5+ 29. Nf4+ Kf7 30. Kg1 Qb1+ 31. Kh2 Qh7+ 32. Nh3 Nd7 33. Qf3+ Ke8 34. Qxd5 Nf6 35. Qe6+ Qe7 36. Qxe7+ Nxe7 37. Nf4 Ng4+ 38. Kg3 Nxe3 39. Kf3 N3d5 40. Ke4 Nxf4 41. Kxf4 Kd7 42. g4 Ke6 43. Ke4 Ng6 44. g5 Nh4 45. d5+ Kd6 46. a4 a5 47. Kd4 Nf3+ 48. Kc4 Nxg5 49. Kb5 Kxd5 50. Kxa5 Kc5 51. b4+ Kc6 52. b5+ Kc5 53. b6 Kc6 54. Kb4 Kxb6 55. a5+ Ka6 56. Kc5 Kxa5 57. Kd6 b5 58. Kd5 Ka4 59. Ke5 b4 60. Kd4 Ka3 61. Kd3 b3 62. Kd2 Ka2 63. Kc1 b2+ 0-1

[Event "GRE-ch U18"]
[Site "Kavala"]
[Date "2022.04.29"]
[Round "5"]
[White "Papidakis, Georgios"]
[Black "Stefanou, Dimitrios"]
[Result "1-0"]
[WhiteElo "2180"]
[BlackElo "2219"]
[PlyCount "117"]
[EventDate "2022.04.26"]
[EventType "swiss"]
[EventRounds "9"]
[EventCountry "GRE"]
[SourceTitle "CBM 208 Extra"]
[Source "ChessBase"]
[SourceDate "2022.07.31"]
[SourceVersion "1"]
[SourceVersionDate "2022.07.31"]
[SourceQuality "1"]

1. Nf3 Nf6 2. c4 e6 3. g3 b6 4. Bg2 Bb7 5. 0-0 c5 6. Nc3 Be7 7. Re1 0-0 8. e4 d6 9. d4 cxd4 10. Nxd4 Qc8 11. Be3 a6 12. Rc1 Nbd7 13. f4 Qc7 14. g4 Nc5 15. Bf2 g6 16. b4 Ncd7 17. Nd5 exd5 18. cxd5 Qb8 19. Nc6 Bxc6 20. dxc6 Ne5 21. fxe5 dxe5 22. c7 Qc8 23. Bh4 Qe6 24. Qf3 Nd7 25. Bxe7 Qxe7 26. g5 Qxb4 27. Bh3 Qe7 28. Qg3 Nc5 29. c8Q Raxc8 30. Bxc8 Rxc8 31. Red1 Re8 32. Qg4 Ne6 33. Rd5 Qa3 34. Rf1 Qe3+ 35. Kh1 Nf4 36. Rd6 Qxe4+ 37. Qf3 Qb4 38. Rfd1 Kg7 39. Qe3 Qb2 40. R6d2 Qb5 41. Rd6 Qa4 42. R1d2 Qc4 43. Kg1 Qc1+ 44. Kf2 Qh1 45. Kg3 Qf1 46. Kg4 Qb1 47. Rf6 h5+ 48. Kh4 Qf1 49. h3 Qc4 50. Qb3 Qc7 51. Rc2 Qd7 52. Rd2 Qb7 53. Rdd6 Re7 54. Rxf4 exf4 55. Qc3+ Kh7 56. Rd8 f6 57. Qxf6 Rg7 58. Qf8 Qf3 59. Qh8# 1-0

[Event "GRE-ch U18"]
[Site "Kavala"]
[Date "2022.04.29"]
[Round "6"]
[White "Tzagarakis, Panagiotis"]
[Black "Papidakis, Georgios"]
[Result "1-0"]
[WhiteElo "2027"]
[BlackElo "2180"]
[PlyCount "85"]
[EventDate "2022.04.26"]
[EventType "swiss"]
[EventRounds "9"]
[EventCountry "GRE"]
[SourceTitle "CBM 208 Extra"]
[Source "ChessBase"]
[SourceDate "2022.07.31"]
[SourceVersion "1"]
[SourceVersionDate "2022.07.31"]
[SourceQuality "1"]

1. e4 e5 2. Nf3 Nc6 3. Bb5 a6 4. Ba4 Nf6 5. 0-0 Be7 6. Re1 b5 7. Bb3 d6 8. c3 Na5 9. Bc2 c5 10. d4 Qc7 11. d5 0-0 12. b3 Bd7 13. Nbd2 Rfc8 14. Nf1 g6 15. Ng3 Ne8 16. h3 Ng7 17. Nh2 Nb7 18. Ng4 Rf8 19. Nh6+ Kh8 20. f4 Bh4 21. Qf3 f5 22. exf5 gxf5 23. fxe5 dxe5 24. Rf1 Nd6 25. Nh5 Qd8 26. Nxg7 Kxg7 27. Qh5 Be8 28. Nxf5+ Rxf5 29. Qh6+ Kg8 30. Bxf5 Nxf5 31. Rxf5 Bg6 32. Rf1 Bf6 33. a4 Bg7 34. Qd2 bxa4 35. Rxa4 Qb6 36. d6 Rd8 37. Qd5+ Kh8 38. d7 Qa7 39. Rd1 Bf5 40. Qf7 c4+ 41. Kh2 Bxd7 42. Bh6 Be8 43. Bxg7# 1-0